Statistics for Capitals Of Countries That Begin With'B'

Click here to take the quiz!

General Stats

  • This quiz has been taken 19 times
  • The average score is 10 of 15

Answer Stats

Answer% Correct
Brasilia(Brazil)
94%
Brussels(Belgium)
94%
Dhaka(Bangladesh)
88%
Sofia(Bulgaria)
81%
Sarajevo(Bosnia and Herzegovina)
81%
Belmopan(Belize)
81%
Minsk(Belarus)
81%
Bridgetown(Barbados)
69%
Nassau(Bahamas)
63%
Gaborone(Botswana)
56%
Manama(Bahrain)
50%
Ouagadougou(Burkina Faso)
44%
Thimphu(Bhutan)
44%
Gitega(Burundi)
44%
Bandar Seri Begawan(Brunei)
0%

Score Distribution

Percentile by Number Answered

Percent of People with Each Score

Your Score History

You have not taken this quiz